Cartoon Network Show By Picture Quiz Stats

 Plays Quiz Updated Jul 24, 2015

Score 0/20 Timer 06:00
19 Plays Today
Row/Column Series % Correct
The Powerpuff Girls
95.5%
Johnny Bravo
88.5%
Dexter's Laboratory
87.8%
Adventure Time
85.8%
Ed, Edd n Eddy
84.8%
Ben 10
81.3%
Courage the Cowardly Dog
78.2%
Teen Titans
73.9%
Star Wars: Clone Wars
69.6%
Cow and Chicken
69.5%
Row/Column Series % Correct
Samurai Jack
69.3%
Codename: Kids Next Door
63.5%
Regular Show
61.8%
The Grim Adventures of Billy and Mandy
57.2%
Foster's Home for Imaginary Friends
57.1%
The Amazing World of Gumball
55%
Chowder
52.5%
Steven Universe
52.1%
Camp Lazlo
44.5%
I Am Weasel
24.7%

You're not logged in!

Compare scores with friends on all Sporcle quizzes.
OR
Log In

Sporcle TV

Today on Sporcle TV


Watch our educational content, quiz creation guides, and fun videos on Sporcle TV.

Show Comments

Extras

Top Quizzes Today


Score Distribution

Your Account Isn't Verified!

In order to create a playlist on Sporcle, you need to verify the email address you used during registration. Go to your Sporcle Settings to finish the process.

Report this User

Report this user for behavior that violates our Community Guidelines.

Details: